Κατάλογος Βιβλιοθηκών Mediterranean College

Αφιέρωμα στα 40 χρόνια λειτουργίας του ΜΗΤΕΡΑ (Record no. 9652)

MARC details
000 -LEADER
fixed length control field 01611cam a22001814a 4500
005 - ΗΜΕΡΟΜΗΝΙΑ ΚΑΙ ΩΡΑ ΤΕΛΕΥΤΑΙΑΣ ΕΝΗΜΕΡΩΣΗΣ
Πεδίο ελέγχου 20250605164405.0
008 - FIXED-LENGTH DATA ELEMENTS--GENERAL INFORMATION
Πεδίο ελέγχου σταθερού μήκους 250528s ||||||||||||||||||||||||d
035 ## - SYSTEM CONTROL NUMBER
System control number 24807
040 ## - ΠΗΓΗ ΚΑΤΑΛΟΓΟΓΡΑΦΗΣΗΣ
Φορέας πρωτότυπης καταλογογράφησης MC Athens Campus Library
Γλώσσα καταλογογράφησης Ελληνικά, Μοντέρνα (1453-)
Modifying agency MC Athens Campus Library
Κανόνες περιγραφικής καταλογογράφησης AACR2
245 1# - ΤΙΤΛΟΣ ΚΑΙ ΔΗΛΩΣΗ ΥΠΕΥΘΥΝΟΤΗΤΑΣ
Τίτλος Αφιέρωμα στα 40 χρόνια λειτουργίας του ΜΗΤΕΡΑ
260 ## - PUBLICATION, DISTRIBUTION, ETC.
Name of publisher, distributor, etc. Υγεία,
Date of publication, distribution, etc. 2020
300 ## - PHYSICAL DESCRIPTION
Extent 897
520 ## - SUMMARY, ETC.
Summary, etc. 40 Χρόνια ΜΗΤΕΡΑ, Ένα Ολοκληρωμένο Νοσοκομείο, Ογκολογία στο Νεογνό και στο Βρέφος, Νεογνή Αιμοχρωμάτωση, Παιδική Βαρηκοία: Πρώιμη Διάγνωση και Έγκαιρη Αντιμετώπιση Παθήσεων Μηνοειδών Βαλβίδων στα Παιδιά, Αντισύλληψη στην Εφηβεία και Σεξουαλικώς Μεταδιδόμενα Νοσήματα, 40 χρόνια Γυναικολογικοί Υπέρηχοι, Χειρουργικές Εξελίξεις στη Γυναικολογική Ογκολογία, Καρκίνος Μαστού: Αλλαγές στη Θεραπευτική Προσέγγιση την Τελευταία 50ετία, Μονάδα Τεχνητοού Νεφρού (ΜΤΝ) ΜΗΤΕΡΑ: μια Σύγχρονη ΜΤΝ με Σημαντικό Ρόλο στην Αντιμετώπιση Ασθενών με Νεφρική Βλάβη, Επεμβατική Αντιμετώπιση Κολπικής Μαρμαρυγής.
700 1# - ΠΡΟΣΘΕΤΗ ΑΝΑΓΡΑΦΗ--ΦΥΣΙΚΟ ΠΡΟΣΩΠΟ
Personal name Αποστολάκης Ιωάννης
9 (RLIN) 9425
942 ## - ADDED ENTRY ELEMENTS (KOHA)
Koha item type Περιοδικά Δημοσιεύματα
Holdings
Τύπος τεκμηρίου Βιβλιοθήκη Τρέχουσα τοποθεσία Barcode Ημερομηνία απόκτησης Ταξιθετικό σύμβολο Αριθμός αντιτύπου Αρίθμηση σειρών / χρονολογία Κατάσταση απόσυρσης Κατάσταση χαμένου Κατάσταση κατεστραμμένου Μη δανεισμός Σύνολο δανεισμών Ημερομηνία τελευταίας εμφάνισης Η τιμή ισχύει από
Περιοδικά Δημοσιεύματα MC Athens Campus Library MC Athens Campus Library 9780000096517 05/06/2025 ΙΑΤΡΙΚΑ ΑΝΑΛΕΚΤΑ4 1 Δ'           05/06/2025 05/06/2025

MC Athens Campus Library
Πατησίων 94 & Κοδριγκτώνος 13, 104 34
Πελλήνης 8 & Πατησίων 107, 112 51
Τ: +30 210 8899600

MC Thessaloniki Campus Library
Ίωνος Δραγούμη 21, 54625 | Ίωνος Δραγούμη 15, 54625
Τ: +30 2310 287779 – Τ: +30 2314 440300